000 00589nab#a2200193#c#4500
999 _c19321
_d19321
003 IEF
005 20191203183954.0
008 950704s1976 uuu|| #####0 b| |u
040 _aIEF
_cES-MaIEF
100 1 _aLópez Cuesta Egocheaga, Teodoro
_926343
245 _aDon Antonio Flores de Lemus y la Universidad de Oviedo
_c Teodoro López-Cuesta de Egocheaga
260 _c1976
650 4 _aHOMENAJES
_945439
650 4 _aFLORES DE LEMUS, ANTONIO (1876-1941)
_944347
773 0 _tHacienda pública española
_w34570
_g42-43, p. 91-101
942 _2udc
942 _2udc